Culture Générale - Série 2625 - Statistiques

Statistiques générales
  • Ce quiz a été pris 139 fois
  • Le résultat moyen est 5 sur 10
Statistiques - réponses
Question Réponse % Correct
De quel pays La Valette est-elle la capitale ? Malte
85%
En quelle année eut lieu l'accident nucléaire de Tchernobyl ? 1986
75%
Dans quelle ville eut lieu la première exposition universelle en 1851 ? Londres
68%
En quelle année fut proclamée la 2ème République ? 1848
44%
Quel est le titre de la chanson d'Alain Chamfort qui rend hommage à un grand navigateur disparu en mer le 16 novembre 1978 ? Manureva
42%
Quel alcool typique de la Bretagne est aussi appelé "hydromel Breton" ? chouchen
40%
Qui a écrit "La condition humaine" en 1933 ? prénom et nom André Malraux
39%
Qui était surnommé "Le fléau de Dieu" ? Attila
38%
Ce nom est porté par une ville allemande et la capitale de l'État du Kentucky, aux États-Unis. Frankfort
23%
Qui a composé l'oratorio "La damnation de Faust" en 1845-1846 ? prénom et nom Hector Berlioz
9%
Aucun quiz correspondant
Distribution des résultats
% des personnes avec chaque résultat
Percentile par nombre de réponses
Votre historique - résultats
Vous n’avez pas pris ce quiz